书目信息 |
| 题名: |
外国学前教育史
|
|
| 作者: | 祝贺 主编 | |
| 分册: | ||
| 出版信息: | 北京 中国人民大学出版社 2019.09 |
|
| 页数: | 195页 | |
| 开本: | 26cm | |
| 丛书名: | ||
| 单 册: | ||
| 中图分类: | G619.1 | |
| 科图分类: | ||
| 主题词: | 学前教育--教育史--幼儿师范学校--国外--教材 | |
| 电子资源: | ||
| ISBN: | 978-7-300-27320-4 | |
| 000 | 01064nam0 2200253 450 | |
| 001 | 0108153907 | |
| 005 | 20210308154402.0 | |
| 010 | @a978-7-300-27320-4@dCNY32.00 | |
| 100 | @a20200408d2019 em y0chiy50 ea | |
| 101 | 0 | @achi |
| 102 | @aCN@b110000 | |
| 105 | @aa az 000yy | |
| 106 | @ar | |
| 200 | 1 | @a外国学前教育史@Awai guo xue qian jiao yu shi@f祝贺主编 |
| 210 | @a北京@c中国人民大学出版社@d2019.09 | |
| 215 | @a195页@c图,照片@d26cm | |
| 300 | @a21世纪学前教师教育系列教材 | |
| 320 | @a有书目(第192-195页) | |
| 330 | @a本书共分9章;第1章史前社会与古代东方国家的儿童教育、第2章古希腊与古罗马的学前教育、第3章西欧中世纪与文艺复兴时期的学前教育、第4章近代欧美国家和日本的学前教育探索、第5章近代教育家的学前教育构思、第6章近代教育家的学前教育实践、第7章现代欧美国家和日本学前教育制度的形成、第8章现代西方学前教育的思想与实践、第9章现代心理学家的学前教育思想与运用。 | |
| 606 | 0 | @a学前教育@x教育史@x幼儿师范学校@y国外@j教材 |
| 690 | @aG619.1@v5 | |
| 701 | 0 | @a祝贺@Azhu he@4主编 |
| 801 | 0 | @aCN@bBJSZM@c20210308 |
| 905 | @b1271981-5@dG619.1@e1667@f5 | |
| 外国学前教育史/祝贺主编.-北京:中国人民大学出版社,2019.09 |
| 195页:图,照片;26cm |
| 21世纪学前教师教育系列教材 |
| ISBN 978-7-300-27320-4:CNY32.00 |
| 本书共分9章;第1章史前社会与古代东方国家的儿童教育、第2章古希腊与古罗马的学前教育、第3章西欧中世纪与文艺复兴时期的学前教育、第4章近代欧美国家和日本的学前教育探索、第5章近代教育家的学前教育构思、第6章近代教育家的学前教育实践、第7章现代欧美国家和日本学前教育制度的形成、第8章现代西方学前教育的思想与实践、第9章现代心理学家的学前教育思想与运用。 |
| ● |
| 相关链接 |
|
|
|
|
正题名:外国学前教育史
索取号:G619.1/1667
 
预约/预借
| 序号 | 登录号 | 条形码 | 馆藏地/架位号 | 状态 | 备注 |
| 1 | 1271981 | 212719815 | 第一样本阅览室/ [索取号:G619.1/1667] | 在馆 | |
| 2 | 1271982 | 212719824 | 教育系资料室/ [索取号:G619.1/1667] | 在馆 | |
| 3 | 1271983 | 212719833 | 教育系资料室/ [索取号:G619.1/1667] | 在馆 | |
| 4 | 1271984 | 212719842 | 第四借阅区/ [索取号:G619.1/1667] | 在馆 | |
| 5 | 1271985 | 212719851 | 第四借阅区/ [索取号:G619.1/1667] | 在馆 |